000 00336nam a22001457a 4500
020 _a939161603-8
082 _a894.812.3
_bDIN/A
100 _aDINESH,PRIYA
245 _aAFRICAN NAADODIKKATHAKAL
250 _aFIRST
260 _aKUNNAMKULAM
_bRED ROSE PUBLISHING HOUSE
_c2021
300 _a128
650 _aSTORY
_zKERALA
942 _cBK
999 _c7107
_d7107